| 000 | 00356nam a22001457a 4500 | ||
|---|---|---|---|
| 008 | 210607b ||||| |||| 00| 0 eng d | ||
| 020 | _a9780721600253 | ||
| 041 | _aeng | ||
| 080 |
_24th _a616.073 |
||
| 082 | _a616.073 | ||
| 100 | _a6 | ||
| 101 | _aRAD | ||
| 245 |
_aExercises in Oral Radiology and Interpretation _cRobert P. Langlais |
||
| 942 |
_2udc _cBK |
||
| 999 |
_c58027 _d58027 |
||